Poesie Costaricienne Du XX Siecle (Record no. 126)

MARC details
000 -LEADER
campo de control de longitud fija 00410 a2200133 4500
020 ## - NÚMERO INTERNACIONAL ESTÁNDAR DEL LIBRO
Número Internacional Estándar del Libro 2882130279
082 ## - NÚMERO DE LA CLASIFICACIÓN DECIMAL DEWEY
Número de clasificación 861.08
Número de ítem C8289p
100 ## - ENTRADA PRINCIPAL--NOMBRE DE PERSONA
Nombre de persona Cortes, Carlos
9 (RLIN) 599
245 ## - MENCIÓN DEL TÍTULO
Título Poesie Costaricienne Du XX Siecle
260 ## - PUBLICACIÓN, DISTRIBUCIÓN, ETC.
Lugar de publicación, distribución, etc. Geneve, Suisse
Nombre del editor, distribuidor, etc. Patiǫ/Union Latine
Fecha de publicación, distribución, etc. 1997
300 ## - DESCRIPCIÓN FÍSICA
Extensión 420 p
Otras características físicas ill, col
Dimensiones 20.5 cm
650 ## - PUNTO DE ACCESO ADICIONAL DE MATERIA--TÉRMINO DE MATERIA
Término de materia o nombre geográfico como elemento de entrada poesia
Subdivisión general literatura
-- s. XX
-- Historia y crt︡ica
Subdivisión geográfica Costa Rica
9 (RLIN) 620
700 ## - ENTRADA AGREGADA--NOMBRE PERSONAL
Nombre de persona Carlos Cortes
9 (RLIN) 600
Holdings
Estatus retirado Estado de pérdida Fuente del sistema de clasificación o colocación Estado de daño No para préstamo Biblioteca de origen Biblioteca actual Ubicación en estantería Fecha de adquisición Total de préstamos Signatura topográfica completa Código de barras Visto por última vez Precio de reemplazo Tipo de ítem Koha
    Clasificación Decimal Dewey     Biblioteca LadoV Biblioteca LadoV   12/05/2014   861.08 C8289p 000110 12/05/2014 12/05/2014 Material 01